00333nam a22001095a 4500082002800000100001900028245003200047260007100079300002800150526003700178650000800215 a625.14bMUNcL-18, P-161 aMundrey, J. S.10aRailway track engineering / aNew Delhi :bTata McGraw-Hill Publishing Company Limited,cc 1988. a483 p.;c22 cm.bill, ; a0b0c0d625_140000000000000_MUN aMCE